000 004630000a22001930004500
001 002000
003 MACL
005 20151201115829.0
008 151201b xxu||||| |||| 00| 0 eng d
040 _aMACL
_cMACL
041 _aEnglish
082 _a900/HIL
100 _aOrlev, Uri
_918851
245 _aThe Sandgame
_cUri Orlev
260 _aMadhuban Educational Books,
_c1997
350 _a40
650 _aChildren's Book
_93410
942 _k741.642
_cBK
_2ddc
999 _c13916
_d13916